College Quizbowl Stats
College Quizbowl Stats
Circuits
Seasons
Sets
Records
Detailed Stats
About
Loading...
2024 ACF Winter at Oxford
Tossups
Bonuses
Players
Teams
Categories (Tossup)
Categories (Bonus)
Amelia Rees
Durham B
Categories
Category
Powers
Gets
Negs
BBs
Points
Earliest Buzz
Avg. Buzz
First Buzzes
Top 3 Buzzes
Science - Chemistry
0
7
0
1
70
71
103.14
0
1
Fine Arts - Other Fine Arts
0
4
0
1
40
72
105.25
0
0
Fine Arts - Classical Music
0
4
2
2
30
102
115.75
0
0
Science - Biology
0
2
0
0
20
87
91.00
0
0
Science - Physics
0
2
0
0
20
102
114.00
0
0
Buzzes
Category
Answer
Value
Buzz Position
Fine Arts - Classical Music
violin
-5
70
Science - Chemistry
two
10
71
Fine Arts - Other Fine Arts
knitting
10
72
Science - Chemistry
copper
10
84
Science - Biology
amino acids
10
87
Fine Arts - Other Fine Arts
nightclubs
10
89
Science - Biology
tuberculosis
10
95
Science - Chemistry
substitution reactions
10
98
Science - Physics
scattering
10
102
Fine Arts - Classical Music
sheet music
10
102
Previous
1
2
3
Next